| 000 | 00874nam a2200253 a 4500 | ||
|---|---|---|---|
| 001 | BRCA_3905 | ||
| 005 | 20190320204453.0 | ||
| 008 | 090110s1856----enka######---#000-0#eng-# | ||
| 041 | _aeng | ||
| 044 | _aenk | ||
| 050 | 4 |
_aF1213 _b.W55 1856 |
|
| 100 | 1 |
_aWilson, Robert Anderson _d1812-1872. _97997 |
|
| 245 | 1 | 0 |
_aMexico and its religion; with incidents of travel in that country during parts or the years 1851-52-53-54, and historical noticies of events connected with places visited _cby Robert A. Wilson. |
| 260 |
_aLondon _bSampson Low _c1856 |
||
| 300 |
_a406 p. _bil., retratos _c21 cm. |
||
| 500 | _aIncluye apéndice: p. 391-406. | ||
| 500 | _aC51 | ||
| 650 | 1 | 4 |
_aViajeros ingleses _97018 |
| 650 | 1 | 4 |
_aHistoria _y1821-1861 _910153 |
| 651 | 4 |
_aMéxico _vDescripción y viajes _910154 |
|
| 651 | 4 |
_aMéxico _vReligión _910155 |
|
| 902 | _aGFM | ||
| 942 |
_2lcc _cB |
||
| 999 |
_c3632 _d3632 |
||